[Event "Frankfurt-chA"]
[Site "Frankfurt"]
[Date "2016.06.13"]
[Round "7"]
[White "Staeger, Tim"]
[Black "Richter, Wolfram"]
[Result "1-0"]
[WhiteElo "1621"]
[BlackElo "1510"]
[PlyCount "91"]
[EventDate "2016.04.25"]
[EventType "swiss"]
[EventRounds "9"]
[EventCountry "GER"]
[SourceTitle "EXT 2018"]
[Source "ChessBase"]
[SourceDate "2017.10.13"]
[SourceVersion "1"]
[SourceVersionDate "2017.10.13"]
[SourceQuality "1"]

1. e4 d6 2. d4 g6 3. Nf3 Bg7 4. Be3 c6 5. Bc4 Nf6 6. Nc3 b5 7. Bd3 Bg4 8. h3 Bd7 9. 0-0 Na6 10. a3 Nc7 11. Re1 a6 12. e5 dxe5 13. Nxe5 Be6 14. Nxc6 Qc8 15. Qe2 Nfd5 16. Nxd5 Nxd5 17. Ne5 Ra7 18. Rac1 Rc7 19. c4 Nxe3 20. Qxe3 bxc4 21. Nxc4 0-0 22. Ne5 Qb8 23. Rxc7 Qxc7 24. Rc1 Qb8 25. Nc6 Qd6 26. Bxa6 Bf6 27. b4 Bd5 28. b5 Ra8 29. Nb4 Be6 30. Qe4 Rd8 31. d5 Bf5 32. Qc4 Bg5 33. Rd1 e5 34. Qc6 Qf8 35. d6 e4 36. d7 Qh6 37. Qc7 e3 38. fxe3 Bxe3+ 39. Kh1 Qh4 40. Nc6 Bg5 41. Nxd8 Bxd8 42. Qc3 g5 43. Qe1 Qa4 44. Qe8+ Kg7 45. Rf1 Qc4 46. Qe5+ 1-0

[Event "Frankfurt-chA"]
[Site "Frankfurt"]
[Date "2013.05.13"]
[Round "3"]
[White "Staeger, Tim"]
[Black "Paulsen, Alexej"]
[Result "1/2-1/2"]
[WhiteElo "1563"]
[BlackElo "1630"]
[PlyCount "76"]
[EventDate "2013.04.29"]
[EventType "swiss"]
[EventRounds "7"]
[EventCountry "GER"]
[SourceTitle "EXT 2014"]
[Source "ChessBase"]
[SourceDate "2013.11.20"]
[SourceVersion "1"]
[SourceVersionDate "2013.11.20"]
[SourceQuality "1"]

1. e4 Nf6 2. e5 Nd5 3. d4 d6 4. c4 Nb6 5. exd6 cxd6 6. Nf3 Bg4 7. Be2 Nc6 8. 0-0 g6 9. b3 Bg7 10. Bb2 0-0 11. Nbd2 e5 12. d5 Ne7 13. Ng5 Bxe2 14. Qxe2 Nexd5 15. Nde4 Nf4 16. Qd1 f5 17. g3 Nh3+ 18. Nxh3 fxe4 19. Ba3 Qd7 20. Kg2 Rfd8 21. Qe2 Qc6 22. Kg1 d5 23. cxd5 Qxd5 24. Rfd1 Qc6 25. Rac1 Rxd1+ 26. Rxd1 Rc8 27. Ng5 Bh6 28. Rc1 Qxc1+ 29. Bxc1 Rxc1+ 30. Kg2 Bxg5 31. Qxe4 Rc6 32. Qxe5 Bf6 33. Qb8+ Nc8 34. Qxb7 Rc3 35. Qd5+ Kg7 36. Qd7+ Kg8 37. Qe8+ Kg7 38. Qd7+ Kg8 1/2-1/2